000 00421nam a22001577a 4500
005 20250405120001.0
008 250405b |||||||| |||| 00| 0 eng d
020 _a9780131869493
050 _aHD30
_b.28.D385 DAV
100 _aDavid, Fred R.
245 _aStrategic management;
_bconcepts and cases
250 _a11th
260 _aUpper Saddle River
_bPrentice-Hall
_cc2007
300 _axxxi, 393p
942 _2lcc
_cBK
_n0
999 _c5356
_d5356